Devinez la Capitale Mystère #120 - Statistiques

Statistiques générales
  • Ce quiz a été pris 105 fois
  • Le résultat moyen est 28 sur 38
Statistiques - réponses
Type de Réponse Réponse % Correct
Lettre Trouvée A
100%
Lettre de l'Alphabet E
97%
Lettre de l'Alphabet I
97%
Lettre de l'Alphabet L
97%
Lettre Trouvée O
97%
Lettre de l'Alphabet R
97%
Lettre de l'Alphabet N
96%
Lettre de l'Alphabet T
96%
Lettre de l'Alphabet S
94%
Lettre de l'Alphabet P
91%
Lettre Trouvée G
90%
Lettre de l'Alphabet M
90%
Lettre Trouvée U
90%
Lettre de l'Alphabet B
88%
Lettre de l'Alphabet K
87%
Lettre Trouvée D
86%
Lettre de l'Alphabet H
83%
Lettre de l'Alphabet C
82%
Lettre de l'Alphabet V
82%
Lettre de l'Alphabet W
78%
Lettre Bien Placée U
71%
Lettre de l'Alphabet J
68%
Lettre de l'Alphabet Y
68%
Lettre Bien Placée A
66%
Lettre Bien Placée A
65%
Lettre Bien Placée D
60%
Lettre Bien Placée O
57%
Lettre de l'Alphabet X
57%
Lettre Bien Placée O
55%
Lettre de l'Alphabet Z
55%
Lettre Bien Placée O
53%
Lettre de l'Alphabet Q
52%
Lettre de l'Alphabet F
51%
Lettre Bien Placée G
51%
Lettre Bien Placée U
47%
Lettre Bien Placée G
45%
Capitale Mystère Ouagadougou
45%
Lettre Bien Placée U
45%
Aucun quiz correspondant
Distribution des résultats
% des personnes avec chaque résultat
Percentile par nombre de réponses
Votre historique - résultats
Vous n’avez pas pris ce quiz